000 00808cam a22002537a 4500
001 14108625
003 ARRUPE
005 20160811142120.0
008 050915s2002 ke a 000 | eng
010 _a 2005326614
040 _aDLC
_cDLC
042 _alcode
043 _af-ke---
050 0 0 _aJQ2947.A956
_bE38
110 _a Electoral Commission of Kenya.
_924849
245 0 0 _aElection manual /
_cby Electoral Commission of Kenya.
260 _aNairobi :
_bElectoral Commission of Kenya,
_c1997
300 _axii,111 p.;
_bill. ;
_c26 cm.
650 0 _aElections
_zKenya.
_922982
710 2 _aElectoral Commission of Kenya.
_924850
906 _a7
_bcbc
_corigode
_d3
_encip
_f20
_gy-gencatlg
942 _2lcc
_cMONOGRAPH
999 _c124931
_d124931